| 000 | 00784nam a22002657i 4500 | ||
|---|---|---|---|
| 999 |
_c200446654 _d64866 |
||
| 001 | 200446654 | ||
| 003 | TR-AnTOB | ||
| 005 | 20221109173159.0 | ||
| 007 | ta | ||
| 008 | 220120s1998 tu a 000 0 eng d | ||
| 040 |
_aTR-AnTOB _beng _erda _cTR-AnTOB |
||
| 041 | 0 | _aeng | |
| 050 | 4 |
_aNA6880.5.T92 _bC66 1998 |
|
| 082 |
_a338.4791 _bCON 1998 |
||
| 090 |
_aNA6880.5.T92 _bC66 1998 |
||
| 999 | _aGU 20.01.22 | ||
| 245 | 0 | 0 |
_aConvention facilities : _bTurkey. |
| 264 | 1 |
_aAnkara : _bTurizm Bakanlığı, _c1998. |
|
| 300 |
_a1 volume (various pagings) : _billustrations, map ; _c30 cm |
||
| 336 |
_atext _btxt _2rdacontent |
||
| 337 |
_aunmediated _bn _2rdamedia |
||
| 338 |
_avolume _bnc _2rdacarrier |
||
| 650 | 7 |
_aKongre binaları _zTürkiye _2etuturkob _989957 |
|
| 942 |
_2lcc _cBK |
||